000 00264ngm a2200097 454500
008 180718b xxu||||| |||| 00| 0 eng d
100 _aThe World Bank
245 _aWorld Bank Africa database
260 _aWashington, D.C.
_bThe author
_c
500 _aLibrary has 2003-2005
999 _c447240
_d447240